Zavedenie meny Euro do peňažného obehu

Proces zavedenia eura na Slovensku. Zásady zavedenia eura.

Enregistré dans:
Détails bibliographiques
Auteur principal: Kolenčík, Juraj
Autres auteurs: Klieštik, Tomáš
Format: Chapitre de livre
Langue:slovaque
Sujets:
Tags: Ajouter un tag
Pas de tags, Soyez le premier à ajouter un tag!

MARC

LEADER 00000nla$a2200000$$$4500
001 0134263
005 20220323103624.5
041 0 |a slo 
044 |a SK 
245 1 0 |a Zavedenie meny Euro do peňažného obehu  |c Juraj Kolenčík, Tomáš Klieštik 
520 |a Proces zavedenia eura na Slovensku. Zásady zavedenia eura. 
610 2 0 |a Európska menová únia 
610 2 0 |a Slovensko 
610 2 0 |a euro 
610 2 0 |a systém menový medzinárodný 
610 2 0 |a kurz výmenný 
100 1 |a Kolenčík, Juraj 
700 1 |a Klieštik, Tomáš